Logo BPK

Bibliografia Prac Pracowników

Politechniki Koszalińskiej

Rozpoznanie możliwości zastosowania krajowego matariału do wytwarzania masztów anten prętowych. (Rekord nr 2268)

Szczegóły MARC
000 -ETYKIETA REKORDU
podpole kontrolne o stałej długości 01561nam a2200265 i 4500
001 - NUMER KONTROLNY REKORDU
podpole kontrolne BPP
003 - IDENTYFIKATOR NUMERU KONTROLNEGO REKORDU
podpole kontrolne KOSZ 005
005 - DATA OSTATNIEJ MODYFIKACJI REKORDU
podpole kontrolne 20171116100845.0
008 - POLE O STAŁEJ DŁUGOŚCI - DANE KONTROLNE
podpole kontrolne o stałej długości 140813s1988 pl f |000 0 pol
040 ## - ŹRÓDŁO KATALOGOWANIA
Instytucja, która utworzyła rekord BPK
080 ## - UNIWERSALNA KLASYFIKACJA DZIESIĘTNA - UKD
UKD 624.014
080 ## - UNIWERSALNA KLASYFIKACJA DZIESIĘTNA - UKD
UKD 621.3
100 ## - NAZWA OSOBOWA
Nazwa osobowa JURKOWSKI, Grzegorz.
Lata pracy 1975 - 1996.
Instytucja Wyższa Szkoła Inżynierska w Koszalinie - Wydział Mechaniczny,
Wydział Zakład Technologii Maszyn
245 ## - TYTUŁ/ODPOWIEDZIALNOŚĆ
Tytuł Rozpoznanie możliwości zastosowania krajowego matariału do wytwarzania masztów anten prętowych.
Oznaczenie części/sekcji dzieła Etap 1 /
Pozostałe elementy strefy tytułu i oznaczenia odpowiedzialności Grzegorz Jurkowski, Piotr Stępień, Krzysztof Maciejewski, Ryszard Gritzman, Ewa Gułyn.
260 ## - STREFA ADRESU WYDAWNICZEGO
Miejsce wydania Koszalin,
Data publikacji, dystrybucji/powstania dokumentu 1988.
500 ## - UWAGI OGÓLNE
Tekst uwagi Dane z autopsji.
520 ## - UWAGA DOTYCZĄCA TREŚCI DOKUMENTU
Analiza dokumentacyjna, adnotacja itp. Przeprowadzono badania zmierzające do rozeznania możliwości produkcji masztów anten prętowych z drutu ze stali węglowej produkowanego w kraju.
650 ## - HASŁO PRZEDMIOTOWE W FORMIE NAZWY OGÓLNEJ LUB JEDNOSTKOWEJ
Nazwa ogólna lub geograficzna Przemysł elektroniczny.
650 #0 - HASŁO PRZEDMIOTOWE W FORMIE NAZWY OGÓLNEJ LUB JEDNOSTKOWEJ
Nazwa ogólna lub geograficzna Antena.
700 ## - HASŁO DODATKOWE - NAZWA OSOBOWA
Nazwa osobowa GUŁYN, Ewa.
Lata pracy 1971 - 1996.
Instytucja Wyższa Szkoła Inżynierska w Koszalinie - Wydział Mechaniczny,
Wydział Zakład Technologii Maszyn
700 ## - HASŁO DODATKOWE - NAZWA OSOBOWA
Nazwa osobowa STĘPIEŃ, Piotr.
Lata pracy 1975 - 1996.
Instytucja Wyższa Szkoła Inżynierska w Koszalinie - Wydział Mechaniczny,
Wydział Zakład Obrabiarek i Obróbki Skrawaniem
700 ## - HASŁO DODATKOWE - NAZWA OSOBOWA
Nazwa osobowa GRITZMAN, Ryszard.
Lata pracy 1971 - 1996.
Instytucja Wyższa Szkoła Inżynierska w Koszalinie - Wydział Mechaniczny,
Wydział Zakład Elektrotechniki i Elektrochemii
700 ## - HASŁO DODATKOWE - NAZWA OSOBOWA
Nazwa osobowa MACIEJEWSKI, Krzysztof.
Lata pracy 1972 - 1996.
Instytucja Wyższa Szkoła Inżynierska w Koszalinie - Wydział Mechaniczny,
Wydział Zakład Technologii Maszyn
942 ## - HASŁO DODATKOWE - ELEMENTY(KOHA)
Typ dokumentu Materiały nieopublikowane
Schemat klasyfikacji Uniwersalna klasyfikacja dziesiętna
Egzemplarze
Wycofany Zagubiony Uszkodzony Dostępność Lokalizacja stała Lokalizacja bieżąca Sygnatura Typ dokumentu
      Dostępny Bibliografia Prac Pracowników - BPK Bibliografia Prac Pracowników - BPK NB-273/I Materiały nieopublikowane
© 2014 Biblioteka Politechniki Koszalińskiej :: BIBLIOGRAFIA PRAC PRACOWNIKÓW